<?xml version="1.0" encoding="UTF-8"?>
<record
    xmlns:xsi="http://www.w3.org/2001/XMLSchema-instance"
    xsi:schemaLocation="http://www.loc.gov/MARC21/slim http://www.loc.gov/standards/marcxml/schema/MARC21slim.xsd"
    xmlns="http://www.loc.gov/MARC21/slim">

  <leader>02886nam a2200421   4500</leader>
  <datafield tag="999" ind1=" " ind2=" ">
    <subfield code="c">8591</subfield>
    <subfield code="d">8591</subfield>
  </datafield>
  <controlfield tag="001">22729</controlfield>
  <controlfield tag="003">BD-DhUAP</controlfield>
  <controlfield tag="005">20250602111507.0</controlfield>
  <controlfield tag="008">210728s2021    nyua          001 0 eng d</controlfield>
  <datafield tag="020" ind1=" " ind2=" ">
    <subfield code="a">9780241631782</subfield>
  </datafield>
  <datafield tag="040" ind1=" " ind2=" ">
    <subfield code="a">CPL</subfield>
    <subfield code="b">eng</subfield>
    <subfield code="c">BD-DhUAP</subfield>
    <subfield code="e">BD-DhUAP</subfield>
    <subfield code="d">BD-DhUAP</subfield>
  </datafield>
  <datafield tag="082" ind1="0" ind2="4">
    <subfield code="a">745.4 BLA</subfield>
    <subfield code="2">23</subfield>
  </datafield>
  <datafield tag="100" ind1=" " ind2=" ">
    <subfield code="a">Black, Alexandra,</subfield>
    <subfield code="d">author.</subfield>
  </datafield>
  <datafield tag="110" ind1=" " ind2=" ">
    <subfield code="a">Grant, R. G.,</subfield>
    <subfield code="e">author.</subfield>
  </datafield>
  <datafield tag="111" ind1=" " ind2=" ">
    <subfield code="a">Kay, Ann,</subfield>
    <subfield code="j">author.</subfield>
  </datafield>
  <datafield tag="245" ind1="0" ind2="0">
    <subfield code="a">Design :</subfield>
    <subfield code="b">the definitive visual history /</subfield>
    <subfield code="c">[editors, Anna Fischel, Sammy Kennedy, Stuart Neilson ; writers, Alexandra Black, R.G. Grant, Ann Kay, Philip Wilkinson, Iain Zaczek].</subfield>
  </datafield>
  <datafield tag="246" ind1="3" ind2="0">
    <subfield code="a">Design</subfield>
  </datafield>
  <datafield tag="250" ind1=" " ind2=" ">
    <subfield code="a">American edition.</subfield>
  </datafield>
  <datafield tag="264" ind1=" " ind2="1">
    <subfield code="a">New York, New York :</subfield>
    <subfield code="b">DK Publishing,</subfield>
    <subfield code="c">2023.</subfield>
  </datafield>
  <datafield tag="300" ind1=" " ind2=" ">
    <subfield code="a">400 pages :</subfield>
    <subfield code="b">illustrations (some color) ;</subfield>
    <subfield code="c">29 cm</subfield>
  </datafield>
  <datafield tag="500" ind1=" " ind2=" ">
    <subfield code="a">"Smithsonian"--Cover.</subfield>
  </datafield>
  <datafield tag="504" ind1=" " ind2=" ">
    <subfield code="a">Includes index.</subfield>
  </datafield>
  <datafield tag="505" ind1="2" ind2=" ">
    <subfield code="a">What is design? -- Arts &amp; Crafts, 1850-1920 -- Art nouveau, 1880-1910 -- Art deco, 1919-1940 -- Modernism, 1910-1939 -- Mid-century modern, 1940-1959 -- Cultural Revolution, 1960-1979 -- Postmodern &amp; contemporary, 1980s onwards.</subfield>
  </datafield>
  <datafield tag="520" ind1=" " ind2=" ">
    <subfield code="a">Discover the history of design with this gorgeous visual celebration of key pieces, movements, and designers, from the Arts and Craft movement to the digital age. Arranged chronologically, Design traces the evolution of design from its roots to the present, from early chairs, pottery, and homewares to cars, graphic design and product design. It introduces all the key designers, manufacturers, and objects, illustrating how and why different styles emerged and became popular. It also provides a fascinating insight into design movements, showing how each one began and explaining its philosophy and visual style, from the Arts and Crafts movement to mid-century modern and contemporary. Featuring expert analysis, stunning photography, and a huge range of objects both familiar and extraordinary, Design explains what makes a truly great design and reveals the hidden stories behind the everyday things all around us. With profiles of famous designers and manufacturers, such as William Morris, the Bauhaus, Alvar Aalto, Frank Lloyd Wright, and Vitra, and stunning images of iconic buildings and interiors, it provides a glorious and comprehensive view of classic design across the last two centuries.</subfield>
  </datafield>
  <datafield tag="650" ind1=" " ind2="0">
    <subfield code="a">Design</subfield>
    <subfield code="x">History</subfield>
    <subfield code="y">20th century.</subfield>
  </datafield>
  <datafield tag="650" ind1=" " ind2="0">
    <subfield code="a">Design</subfield>
    <subfield code="x">History</subfield>
    <subfield code="y">19th century.</subfield>
  </datafield>
  <datafield tag="650" ind1=" " ind2="0">
    <subfield code="a">Design</subfield>
    <subfield code="x">History.</subfield>
  </datafield>
  <datafield tag="650" ind1=" " ind2="0">
    <subfield code="a">Art and design</subfield>
    <subfield code="x">History</subfield>
    <subfield code="y">20th century.</subfield>
  </datafield>
  <datafield tag="650" ind1=" " ind2="0">
    <subfield code="a">Art and design</subfield>
    <subfield code="x">History</subfield>
    <subfield code="y">19th century.</subfield>
  </datafield>
  <datafield tag="650" ind1=" " ind2="0">
    <subfield code="a">Decorative arts</subfield>
    <subfield code="x">History</subfield>
    <subfield code="y">20th century.</subfield>
  </datafield>
  <datafield tag="650" ind1=" " ind2="7">
    <subfield code="a">Art and design.</subfield>
    <subfield code="2">fast</subfield>
  </datafield>
  <datafield tag="650" ind1=" " ind2="7">
    <subfield code="a">Decorative arts.</subfield>
  </datafield>
  <datafield tag="700" ind1="1" ind2=" ">
    <subfield code="a">Fischel, Anna,</subfield>
    <subfield code="e">editor.</subfield>
  </datafield>
  <datafield tag="700" ind1="1" ind2=" ">
    <subfield code="a">Kennedy, Sammy,</subfield>
    <subfield code="e">editor.</subfield>
  </datafield>
  <datafield tag="700" ind1="1" ind2=" ">
    <subfield code="a">Neilson, Stuart</subfield>
    <subfield code="c">(Editor),</subfield>
  </datafield>
  <datafield tag="740" ind1="0" ind2=" ">
    <subfield code="a">Design : the definitive visual history.</subfield>
  </datafield>
  <datafield tag="942" ind1=" " ind2=" ">
    <subfield code="2">ddc</subfield>
    <subfield code="c">BK</subfield>
  </datafield>
  <datafield tag="952" ind1=" " ind2=" ">
    <subfield code="0">0</subfield>
    <subfield code="1">0</subfield>
    <subfield code="2">ddc</subfield>
    <subfield code="4">0</subfield>
    <subfield code="7">0</subfield>
    <subfield code="a">UAPCL</subfield>
    <subfield code="b">UAPCL</subfield>
    <subfield code="c">General Stacks</subfield>
    <subfield code="d">2025-06-02</subfield>
    <subfield code="o">745.4 BLA</subfield>
    <subfield code="p">3010022729</subfield>
    <subfield code="r">2025-06-02</subfield>
    <subfield code="t">1</subfield>
    <subfield code="v">4000.00</subfield>
    <subfield code="w">2025-06-02</subfield>
    <subfield code="y">BK</subfield>
  </datafield>
</record>
